Statistics for Formula 1 World championship by nationalities

Click here to take the quiz!

General Stats

  • This quiz has been taken 225 times
  • The average score is 12 of 14

Answer Stats

WinsAnswer% Correct
16UK
99%
12Germany
98%
8Brazil
96%
4France
93%
2USA
91%
4Finland
90%
2Spain
90%
3Italy
89%
5Argentina
87%
4Austria
87%
4Australia
86%
1Canada
79%
1New Zealand
74%
1South Africa
74%

Score Distribution

Percentile by Number Answered

Percent of People with Each Score

Your Score History

You have not taken this quiz